Organizations evolving
Uloženo v:
| Hlavní autor: | |
|---|---|
| Médium: | Neznámo |
| Jazyk: | English |
| Vydáno: |
Inglaterra :
Sage Publications Ltd.
|
| Tagy: |
Přidat tag
Žádné tagy, Buďte první, kdo vytvoří štítek k tomuto záznamu!
|
MARC
| LEADER | 00000 a2200000 04500 | ||
|---|---|---|---|
| 001 | 40119 | ||
| 003 | |||
| 008 | 050621s19992004enk eng d | ||
| 040 | |||
| 020 | |a 0-8039-8918-0 | ||
| 090 | |a 0004 A365o | ||
| 100 | |a Aldrich, Howard E. | ||
| 245 | |a Organizations evolving | ||
| 260 | |a Inglaterra : |b Sage Publications Ltd. | ||
| 300 | |a 413 páginas | ||
| 500 | |a Colección Cambio Social donada por Paul Almeida | ||
| 999 | |c 12378 |d 12378 | ||



